000 00414cam a22001097a 4500
008 180718b2008 xxu||||| |||| 00| 0 eng d
100 _aIndian institute of management
245 _aDissertation abstracts: a compendium, 2002-05
_cby Indian institute of management
260 _aBangalore
_bIndian institute of management
_c2008
300 _a176p.
650 _aPost gradute programme in public policy and management
999 _c504087
_d504087